| 000 | 00378cam a2200145ua 4500 | ||
|---|---|---|---|
| 003 | OSt | ||
| 008 | 231113b |||||||| |||| 00| 0 eng d | ||
| 041 | _aeng | ||
| 082 |
_a828.09 _bCHU/EN |
||
| 100 |
_aChurchill, R,.C . _95579 |
||
| 245 | _aenglish literature of the eighteen century / | ||
| 260 |
_a : _bUniversity National press , _c1961. |
||
| 300 | _a319 ; . | ||
| 942 | _cBK | ||
| 999 |
_c17785 _d17785 |
||